000 01172nam a2200349 c 4500
003 BLK
005 20240509152651.0
008 180408b bul|||||r ||||||| ||bul||
010 _aKNG00050034000
020 _a3-476-00668-9
040 _aBLK
041 _aDEU
_cDEU
080 _aЛитературна естетика. Философия на литературата
_b82.01
_x(038)
_z82.01(038)
080 _aРазлични категории думи
_b81`373.4
_x=30:82.01
_z81`373.4=30:82.01
139 _aMetzler Literatur Lexikon
_bM 61
245 1 0 _aMetzler Literatur Lexikon
_bBegriffe und Definitionen
250 _a2. ubearb. Aufl.
257 _aDEU
260 _bMetzler
_c1990
_aStuttgart
300 _a529 c.
_c24 cm
380 _a82
650 4 _aЛитературознание - терминология - речници
_9271188
653 _aлитературознание
653 _aтерминологични речници
852 _aЦб 186031
856 4 _qpdf
856 4 _qpdf
942 _cKNG
_n0
944 _aCR
_c01.01.1999
_k30556
_lТеодора Пейчева-Дянкова
944 _aED
_c07.10.2003
999 _c46229
_d46229
999 _d46229